Yinoluwa : (Record no. 5742)

MARC details
000 -LEADER
fixed length control field 00735nam a2200217Ia 4500
008 - FIXED-LENGTH DATA ELEMENTS--GENERAL INFORMATION
fixed length control field 210628s9999 xx 000 0 und d
020 ## - INTERNATIONAL STANDARD BOOK NUMBER
ISBN 9780480099
040 ## - CATALOGING SOURCE
Original cataloging agency NLN
Language of cataloging English
Description conventions AACR2
100 ## - MAIN ENTRY--AUTHOR
Author ADI, S. Y.
Relator term aut
245 #0 - TITLE STATEMENT
Title Yinoluwa :
Remainder of title a possible journey through life : an autobiography /
Statement of responsibility, etc S. Y. Adi
260 ## - PUBLICATION, DISTRIBUTION, ETC. (IMPRINT)
Place of publication Ibadan, Oyo State (P. O. Box 20024, University of Ibadan Post Office) :
Name of publisher Sam Bookman Publishers,
Date of publication 2001
300 ## - COLLATION
Pagination xii, 276p. :
Other physical details ill. ; 23cm.
563 ## - BINDING INFORMATION
Binding note (pbk)
650 ## - TRACINGS
Main Subject Adị, Yinoluwa S., 1946-
650 ## - TRACINGS
Main Subject Reminiscing
650 ## - TRACINGS
Main Subject Evangelists
Subdivision (1st) Nigeria
Subdivision (2nd) Autobiography
942 ## - ADDED ENTRY ELEMENTS (KOHA)
Item type Books
Suppress in OPAC No
050 ## - LIBRARY OF CONGRESS CALL NUMBER
Classification number DT515.76.A235
Item number A3
082 ## - DEWEY DECIMAL CLASSIFICATION NUMBER
Classification number 920.669
Holdings
Source of classification or shelving scheme Not for loan Home library Current library Date acquired Full call number Barcode. Copy number Koha item type
Library of Congress Classification   LAGOS BRANCH National Library of Nigeria 25/02/2025 DT515.76.A235 A3 2025-452450 1 Books
Library of Congress Classification   ABUJA LIBRARY BRANCH National Library of Nigeria 25/02/2025 DT515.76.A235 A3 2025-452451 1 Books

National Library of Nigeria OPAC is powered by Koha